
Library Catalogue

| 000 -LEADER | |
|---|---|
| fixed length control field | 00617nam a2200205 i 4500 |
| 001 - CONTROL NUMBER | |
| control field | 3224384 |
| 003 - CONTROL NUMBER IDENTIFIER | |
| control field | OSt |
| 005 - DATE AND TIME OF LATEST TRANSACTION | |
| control field | 20260421121247.0 |
| 008 - FIXED-LENGTH DATA ELEMENTS--GENERAL INFORMATION | |
| fixed length control field | 790326s1978 ii af 001 0 eng |
| 010 ## - LIBRARY OF CONGRESS CONTROL NUMBER | |
| LC control number | 78906126 |
| 040 ## - CATALOGING SOURCE | |
| Transcribing agency | . |
| 082 ## - DEWEY DECIMAL CLASSIFICATION NUMBER | |
| Classification number | 320.9546 BAZ |
| 100 1# - MAIN ENTRY--PERSONAL NAME | |
| Personal name | Bazaz, Prem Nath. |
| 245 10 - TITLE STATEMENT | |
| Title | Democracy through intimidation and terror : |
| Remainder of title | the untold story of Kashmir politics / |
| Statement of responsibility, etc. | Prem Nath Bazaz. |
| 260 ## - PUBLICATION, DISTRIBUTION, ETC. | |
| Place of publication, distribution, etc. | New Delhi : |
| Name of publisher, distributor, etc. | Heritage, |
| Date of publication, distribution, etc. | c1978. |
| 300 ## - PHYSICAL DESCRIPTION | |
| Extent | xi, 222 p., [3] leaves of plates : |
| Other physical details | ill. ; |
| Dimensions | 23 cm. |
| 610 20 - SUBJECT ADDED ENTRY--CORPORATE NAME | |
| Corporate name or jurisdiction name as entry element | Janata Party. |
| 651 #0 - SUBJECT ADDED ENTRY--GEOGRAPHIC NAME | |
| Geographic name | Kashmir |
| General subdivision | Politics and government. |
| 942 ## - ADDED ENTRY ELEMENTS (KOHA) | |
| Source of classification or shelving scheme | Dewey Decimal Classification |
| Koha item type | BOOKs |
| Withdrawn status | Lost status | Source of classification or shelving scheme | Damaged status | Not for loan | Home library | Current library | Shelving location | Date acquired | Cost, normal purchase price | Total Checkouts | Full call number | Barcode | Date last seen | Price effective from | Koha item type |
|---|---|---|---|---|---|---|---|---|---|---|---|---|---|---|---|
| Dewey Decimal Classification | NLS | NLS | General Stacks | 30/05/2017 | 10.00 | 320.9546 BAZ-1 | 7923 | 30/05/2017 | 30/05/2017 | BOOKs | |||||
| NLS | NLS | Library Compactors | 30/05/2017 | 10.00 | 320.9546 BAZ | 7924 | 30/05/2017 | 30/05/2017 | BOOKs |